| 000 | 00638nam a2200181 i 4500 | ||
|---|---|---|---|
| 001 | 89429 | ||
| 003 | ES-MaACL | ||
| 005 | 20230906180153.0 | ||
| 007 | t| | ||
| 008 | 050110s1934 sp ||||1| spa d | ||
| 100 | 1 |
_aLaporte, Maurice. _970173 |
|
| 245 | 1 | 0 |
_aLo que cuestan 133 días de comunismo / _cMaurice Laporte ; traducción y prólogo del Vizconde de la Armeria. |
| 260 |
_aMadrid : _b[s.n.], _c1934 ( _fGráfica Universal) |
||
| 300 |
_a319 p. ; _c19 cm. |
||
| 651 | 4 |
_aHungría- _xHistoria- _y1918-1919, revolución. _98830 |
|
| 700 | 1 |
_aÁlvarez de Toledo, Mariano _cVizconde de la Armería. _9164280 |
|
| 852 |
_aES-MaACL _jA-2103 |
||
| 999 |
_c89429 _d89429 |
||